Biblioteca ESET

Historietas por la identidad (Registro nro. 726)

Detalles MARC
000 -CABECERA
fixed length control field 00622nam a2200229Ia 4500
003 - CONTROL NUMBER IDENTIFIER
control field AR-BeUNQ
005 - FECHA Y HORA DE LA ULTIMA TRANSACCION
control field 20231030132553.0
008 - ELEMENTOS DE LONGITUD FIJA-INFORMACION GENERAL
fixed length control field 221202s9999 xx 000 0 und d
020 ## - NUMERO INTERNACIONAL NORMALIZADO PARA LIBROS
Número Internacional Normalizado del libro 9789877280487
040 ## - FUENTE DE CATALOGACION
Agencia de catalogación original AR-BeUNQ
Idioma de catalogación ESPAÑOL
Convenciones de la descripción aacr
Agencia que realiza la transcripción AR-BeUNQ
245 #0 - MENCION DE TITULO
Título Historietas por la identidad
250 ## - MENCION DE EDICION
Mención de edición 1a.ed
260 ## - PUBLICACION, DISTRIBUCION, ETC.
Lugar de publicación, distribución, etc. CABA :
Nombre del editor, distribuidor, etc. Biblioteca Nacional,
Fecha de publicación, distribución, etc 2015
300 ## - DESCRIPCION FISICA
Extensión 240 p. :
Otros detalles físicos il. ;
Dimensiones 20 x 28 cm
500 ## - NOTA GENERAL
Nota general Historietas
546 ## - NOTA DE IDIOMA
Nota de idioma Español
653 ## - TERMINO DE INDIZACION - NO CONTROLADO
Término de indización no controlado Historia Argentina
653 ## - TERMINO DE INDIZACION - NO CONTROLADO
Término de indización no controlado Investigacion
700 ## - ASIENTO SECUNDARIO - NOMBRE DE PERSONA
Personal name Gonzalez, Horacio
929 ## - DATOS DE ADQUISICION
Proveedor Biblioteca Nacional
Fecha de recibido 2022
Procedencia DONACION
942 ## - ELEMENTOS DE PUNTO DE ACCESO ADICIONAL (KOHA)
Tipo de ítem Koha Libros
Suppress in OPAC 0
Existencias
Estado de retiro Estado de pérdida Ubicación permanente Ubicación actual Fecha de ingreso Signatura topográfica completa Inventario Date last seen Tipo de ítem Koha Operador
    Biblioteca ESET - UNQ Biblioteca ESET - UNQ 02/12/2022 863HIS 60282 02/12/2022 Libros Gladys Alarcon

ESET UNQ

☏ 4365-7188
 Avenida República de Francia 1714 entre Doctor Kenny y Concordia, Ezpeleta, Bs As.
✉ secretaria_eset@unq.edu.ar

Con tecnología Koha